000 00805nam a22002417a 4500
008 131202b xxu||||| |||| 00| 0 eng d
020 _a0-7619-9358-4
024 _cAvailable
037 _cAvailable
040 _aMBSTU LIBRARY
_dMBSTU LIBRARY
082 _222
_a365 PUN
100 _aEdited by Roni Dhavan Shankar Das.
245 _aPunishment and the prison: Indian and international perspectives.
260 _aNew Delhi
_bSAGE Publishers.
_c1997
300 _a22 cm.
_b497 page
_f1
_g22 cm.
600 _2Penel and related Institutions.
650 _2Penel and related Institutions.
700 _aEdited by Roni Dhavan Shankar Das.
270 _aNew Delhi
_bNew Delhi
_dIndia
365 _b3239.00
_d3239.00
942 _2ddc
_cBK
999 _c918
_d918